| 000 | 00388nam a22001457a 4500 | ||
|---|---|---|---|
| 020 | _a969-35-1077-1 | ||
| 040 | _cNUST | ||
| 082 | _a891.4393,BAN | ||
| 100 | _aBano, Qudsia | ||
| 245 |
_aPiya Naam Ka Diya / پیا نام کا دیا _cBano Qudsia |
||
| 260 |
_aLahore _bSang-e-Meel Pub _c2013 |
||
| 300 | _a391 p. | ||
| 650 |
_2Urdu Literature _xDrama |
||
| 942 |
_2ddc _cBK _k891.4393,BAN |
||
| 999 |
_c593748 _d593748 |
||